As ciências Sociales e os novos desafios da realidade latino-americana no século XXI

保存先:
書誌詳細
団体著者: CLACSO
フォーマット: テキスト
出版事項: Recife: CLACSO
タグ: タグ追加
タグなし, このレコードへの初めてのタグを付けませんか!

MARC

LEADER 00000 a a2200000 04500
001 29974
003
040
090 |a 190600  |b RECURSO ELECTROMAGNETICO  
110 |a CLACSO  
245 |a As ciências Sociales e os novos desafios da realidade latino-americana no século XXI  
260 |a Recife:   |b CLACSO  
999 |c 1033  |d 1033